书目信息 |
| 题名: |
长拳入门与提高
|
|
| 作者: | 吴彬 编著 | |
| 分册: | ||
| 出版信息: | 北京 人民体育出版社 2000.07 |
|
| 页数: | 234页 | |
| 开本: | 32开 | |
| 丛书名: | ||
| 单 册: | ||
| 中图分类: | G852.12 | |
| 科图分类: | ||
| 主题词: | 武术 , 民族形式体育 | |
| 电子资源: | ||
| ISBN: | 7-5009-1966-2 | |
| 000 | 00576nam0 2200205 45 | |
| 001 | 0010251568 | |
| 005 | 20001025155956.7 | |
| 010 | @a7-5009-1966-2@d11.00元 | |
| 100 | @a20001025d2000 km y0chiy0120 ea | |
| 101 | 0 | @achi |
| 105 | @a z 000yy | |
| 200 | 1 | @a长拳入门与提高@AChang Quan Ru Men Yu Ti Gao@f吴彬等编著@FWu Bin Deng Bian Zhu |
| 210 | @a北京@c人民体育出版社@d2000.07 | |
| 215 | @a234页@d32开 | |
| 606 | 0 | @a武术 |
| 606 | 0 | @a民族形式体育 |
| 690 | @aG852.12@v3 | |
| 701 | 0 | @a吴彬@4编著 |
| 801 | @aCN@bPftUser@c20001025 | |
| 905 | @b188302-304@dG852.12@eW.469@f3 | |
| 长拳入门与提高/吴彬等编著.-北京:人民体育出版社,2000.07 |
| 234页;32开 |
| ISBN 7-5009-1966-2:11.00元 |
| ● |
| 相关链接 |
|
|
|
正题名:长拳入门与提高
索取号:G852.12/W.469
 
预约/预借
| 序号 | 登录号 | 条形码 | 馆藏地/架位号 | 状态 | 备注 |
| 1 | 188302 | 201883024 | 社科库409/409社科库 25排2列4层/ [索取号:G852.12/W.469] | 在馆 | |
| 2 | 188303 | 201883033 | 社科库409/116文学库 9排3列3层/ [索取号:G852.12/W.469] | 在馆 | |
| 3 | 188304 | 201883042 | 社科库409/ [索取号:G852.12/W.469] | 在馆 |